Cómo ser feliz y otros textos suicidas / (Registro nro. 1594)

000 -CABECERA
campo de control de longitud fija 00804nam a2200241 a 4500
001 - NÚMERO DE CONTROL
campo de control $$a0000028286
005 - FECHA Y HORA DE LA ÚLTIMA TRANSACCIÓN
campo de control 20200120222136.0
008 - DATOS DE LONGITUD FIJA--INFORMACIÓN GENERAL
campo de control de longitud fija 060613s2005 col0 gr0 000 d
020 ## - NÚMERO INTERNACIONAL ESTÁNDAR DEL LIBRO
Número Internacional Estándar del Libro 958-33-8516-6
090 ## - LOCALMENTE ASIGNADO TIPO-LC NÚMERO DE CLASIFICACIÓN (OCLC); NÚMERO DE CLASIFICACIÓN LOCAL (RLIN)
Número de clasificación (OCLC) (R) ; Numero de clasificación, CALL (RLIN) (NR) JP
Número cutter local (OCLC) ; Número de libro/Signatura topográfica íntegra, CALL (RLIN) INSc
100 0# - ENTRADA PRINCIPAL--NOMBRE DE PERSONA
Nombre de persona Instituto Distrital de Cultura y Turismo
245 10 - MENCIÓN DE TÍTULO
Título Cómo ser feliz y otros textos suicidas /
Mención de responsabilidad, etc. Instituto Distrital de Cultura y Turismo.
250 ## - MENCIÓN DE EDICIÓN
Mención de edición 1a. ed.
260 ## - PUBLICACIÓN, DISTRIBUCIÓN, ETC.
Lugar de publicación, distribución, etc. Bogotá
Nombre del editor, distribuidor, etc. Espina
Fecha de publicación, distribución, etc. 2005
300 ## - DESCRIPCIÓN FÍSICA
Extensión 49 p.
490 ## - MENCIÓN DE SERIE
Mención de serie Talleres de Literatura : Jóvenes Tejedores de Sociedad Usme y Suba - 2005
650 14 - PUNTO DE ACCESO ADICIONAL DE MATERIA--TÉRMINO DE MATERIA
Término de materia o nombre geográfico como elemento de entrada POESIA COLOMBIANA
650 14 - PUNTO DE ACCESO ADICIONAL DE MATERIA--TÉRMINO DE MATERIA
Término de materia o nombre geográfico como elemento de entrada LITERATURA JUVENIL COLOMBIANA
650 14 - PUNTO DE ACCESO ADICIONAL DE MATERIA--TÉRMINO DE MATERIA
Término de materia o nombre geográfico como elemento de entrada POESIA JUVENIL COLOMBIANA
650 14 - PUNTO DE ACCESO ADICIONAL DE MATERIA--TÉRMINO DE MATERIA
Término de materia o nombre geográfico como elemento de entrada SUICIDIO
651 ## - PUNTO DE ACCESO ADICIONAL DE MATERIA--NOMBRE GEOGRÁFICO
Nombre geográfico BOGOTA (COLOMBIA)
901 ## - ELEMENTOS DE DATOS A LOCAL LDA (RLIN)
a Donación, Instituto Distrital de Cultura y Turismo, 2005
Existencias
Estado de retiro Estado de pérdida Fuente del sistema de clasificación o colocación Estado dañado No para préstamo Código de colección Localización permanente Ubicación/localización actual Fecha de adquisición Total de préstamos Signatura topográfica completa Código de barras Fecha visto por última vez Fecha del último préstamo Número de copia Precio válido a partir de Tipo de ítem Koha Nota pública
          Literatura Juvenil Biblioteca Pública San Juan Bosco Biblioteca Pública San Juan Bosco 20/01/2020 3 JP INSc MOS020062 09/10/2024 18/09/2024 ej.1 20/01/2020 Libro Literatura Quince días

© Todos los derechos reservados para la Biblioteca Pública Municipal San Juan Bosco, 2020
Secretaria de Cultura de Mosquera
Carrera 3 N° 10 Esquina Centro Cultural Barrio El Carmén Teléfono: 8270830 Ext: 34
Funcionando con KOHA
Contacto: Biblioteca Pública Municipal San Juan Bosco/ bibliotecasanjuanbosco@mosquera-cundinamarca.gov.co
Mosquera, Cundinamarca